<?xml version="1.0" encoding="UTF-8"?>
<collection xmlns="http://www.loc.gov/MARC21/slim">
  <record>
    <leader>00000nam  2200000   4500</leader>
    <controlfield tag="001">INLIS000000000016597</controlfield>
    <datafield tag="035" ind1="#" ind2="#">
      <subfield code="a">0010-1223000034</subfield>
    </datafield>
    <datafield tag="245" ind1="#" ind2="#">
      <subfield code="a">Laporan Kinerja Harian PHL UPT DAS Dinas Sumber Daya Air dan Bina Marga (DSDABM) melalui SIMOTEKAR (Sistem Informasi Monitoring dan Evaluasi Kinerja Pegawai Harian Lepas/PHL)</subfield>
    </datafield>
    <datafield tag="100" ind1="#" ind2="#">
      <subfield code="a">Sari Rinaningsih</subfield>
    </datafield>
    <datafield tag="110" ind1="#" ind2="#">
      <subfield code="a">Sari Rinaningsih</subfield>
    </datafield>
    <datafield tag="260" ind1="#" ind2="#">
      <subfield code="a">Sumedang :</subfield>
      <subfield code="b">Puslatbang PKASN LAN,</subfield>
      <subfield code="c">2023</subfield>
    </datafield>
    <datafield tag="300" ind1="#" ind2="#">
      <subfield code="a">108 hal ;</subfield>
      <subfield code="c">29 cm.</subfield>
    </datafield>
    <datafield tag="084" ind1="#" ind2="#">
      <subfield code="a">R PKP/E/034 2023</subfield>
    </datafield>
    <datafield tag="520" ind1="#" ind2="#">
      <subfield code="a">Coach : Agus Wahyuadianto</subfield>
    </datafield>
    <datafield tag="082" ind1="#" ind2="#">
      <subfield code="a">R PKP/E/034 2023</subfield>
    </datafield>
    <datafield tag="990" ind1="#" ind2="#">
      <subfield code="a">PKP.2023.00201</subfield>
    </datafield>
  </record>
</collection>
